In search of history : (Record no. 152)

000 -LEADER
fixed length control field 00934pam a2200289 i 4500
001 - CONTROL NUMBER
control field 2736051
003 - CONTROL NUMBER IDENTIFIER
control field OSt
005 - DATE AND TIME OF LATEST TRANSACTION
control field 20210417102441.0
008 - FIXED-LENGTH DATA ELEMENTS--GENERAL INFORMATION
fixed length control field 780414s1978 nyu 001 0aeng
010 ## - LIBRARY OF CONGRESS CONTROL NUMBER
LC control number 78002177
020 ## - INTERNATIONAL STANDARD BOOK NUMBER
International Standard Book Number 0060145994 :
Terms of availability $12.95
040 ## - CATALOGING SOURCE
Original cataloging agency DLC
Transcribing agency DLC
Modifying agency DLC
050 00 - LIBRARY OF CONGRESS CALL NUMBER
Classification number PN4874.W517
Item number A34 1978
080 ## - UNIVERSAL DECIMAL CLASSIFICATION NUMBER
Universal Decimal Classification number 94
Item number W-63
082 00 - DEWEY DECIMAL CLASSIFICATION NUMBER
Classification number 070/.92/4
-- B
100 1# - MAIN ENTRY--PERSONAL NAME
Personal name White, Theodore H.
Fuller form of name (Theodore Harold),
Dates associated with a name 1915-1986.
245 10 - TITLE STATEMENT
Title In search of history :
Remainder of title a personal adventure /
Statement of responsibility, etc. Theodore H. White.
250 ## - EDITION STATEMENT
Edition statement 1st ed.
260 ## - PUBLICATION, DISTRIBUTION, ETC.
Place of publication, distribution, etc. New York :
Name of publisher, distributor, etc. Harper & Row,
Date of publication, distribution, etc. c1978.
300 ## - PHYSICAL DESCRIPTION
Extent 561 p. ;
Dimensions 24 cm.
500 ## - GENERAL NOTE
General note Includes index.
600 10 - SUBJECT ADDED ENTRY--PERSONAL NAME
Personal name White, Theodore H.
Fuller form of name (Theodore Harold),
Dates associated with a name 1915-1986.
650 #0 - SUBJECT ADDED ENTRY--TOPICAL TERM
Topical term or geographic name entry element Journalists
Geographic subdivision United States
Form subdivision Biography.
653 ## - INDEX TERM--UNCONTROLLED
Uncontrolled term ჟურნალისტიკა
-- ბიოგრაფია
906 ## - LOCAL DATA ELEMENT F, LDF (RLIN)
a 7
b cbc
c orignew
d 1
e ocip
f 19
g y-gencatlg
942 ## - ADDED ENTRY ELEMENTS (KOHA)
Source of classification or shelving scheme
Koha item type Books
Edition 1
Holdings
Withdrawn status Lost status Source of classification or shelving scheme Damaged status Not for loan Permanent location Current location Date acquired Inventory number Full call number Barcode Date last seen Price effective from Koha item type
          Ken Walker International University Ken Walker International University 11/11/2020 329 94 W-63 329 11/11/2020 11/11/2020 Books

Powered by Koha